Časová banka ako nástroj na budovanie sociálneho kapitálu

Nepriaznivé následky globálnej hospodárskej krízy vo všetkých krajinách Európskej únie. Nástroje na oživenie ekonomiky a nové možnosti riešenia sociálnych problémov. Sociálna ekonomika a jej nástroje v podobe sociálneho podnikania a alternatívnych iniciatív. Ciele budovania súdržných komunít, tvor...

ver descrição completa

Na minha lista:
Detalhes bibliográficos
Autor principal: Pongráczová, Eva, 1971-
Formato: Capítulo de Livro
Idioma:eslovaco
Assuntos:
Tags: Adicionar Tag
Sem tags, seja o primeiro a adicionar uma tag!

MARC

LEADER 00000nla$a2200000$$$4500
001 0114663
005 20240502072258.7
041 0 |a slo 
044 |a SK 
245 1 0 |a Časová banka ako nástroj na budovanie sociálneho kapitálu  |c Eva Pongráczová 
520 |a Nepriaznivé následky globálnej hospodárskej krízy vo všetkých krajinách Európskej únie. Nástroje na oživenie ekonomiky a nové možnosti riešenia sociálnych problémov. Sociálna ekonomika a jej nástroje v podobe sociálneho podnikania a alternatívnych iniciatív. Ciele budovania súdržných komunít, tvorba sociálneho kapitálu, znižovanie chudoby a sociálnej exklúzie. 
610 2 0 |a ekonomika sociálna 
610 2 0 |a rozvoj sociálno-ekonomický 
610 2 0 |a kapitál sociálny 
610 2 0 |a systémy sociálno-ekonomické 
610 2 0 |a zamestnanosť 
100 1 |a Pongráczová, Eva, 1971-